[Event "Regency Masters A"]
[Site "Ramsgate"]
[Date "1979.10.30"]
[Round "1"]
[White "Hebden, Mark L"]
[Black "Nicholson, John Graham"]
[Result "1/2-1/2"]
[WhiteElo "2230"]
[BlackElo "2310"]
[PlyCount "40"]
[EventDate "1979.10.30"]
[EventType "tourn"]
[EventRounds "9"]
[EventCountry "ENG"]
[EventCategory "4"]

1. e4 c5 2. f4 e6 3. Nf3 d5 4. Nc3 dxe4 5. Bb5+ Bd7 6. Bxd7+ Qxd7 7. Ne5 Qc7 8. Qe2 Nf6 9. Nxe4 Be7 10. Qb5+ Nbd7 11. Nxd7 Qxd7 12. Nxf6+ Bxf6 13. Qxd7+ Kxd7 14. d3 Rhc8 15. c4 Kc6 16. Kd1 Rd8 17. Kc2 Rd7 18. Be3 Rad8 19. Rad1 a6 20. b3 h5 1/2-1/2

[Event "Regency Masters A"]
[Site "Ramsgate"]
[Date "1979.10.30"]
[Round "1"]
[White "Kaiszauri, Konstanty"]
[Black "Iskov, Gert"]
[Result "0-1"]
[WhiteElo "2405"]
[BlackElo "2370"]
[PlyCount "57"]
[EventDate "1979.10.30"]
[EventType "tourn"]
[EventRounds "9"]
[EventCountry "ENG"]
[EventCategory "4"]

1. c4 Nf6 2. Nc3 e6 3. e4 c5 4. e5 Ng8 5. Nf3 Nc6 6. d4 cxd4 7. Nxd4 Qc7 8. Nxc6 bxc6 9. Bf4 Ne7 10. Bd3 Ng6 11. Bg3 Nxe5 12. O-O Qd6 13. Be2 Qxd1 14. Raxd1 f6 15. Ne4 d5 16. cxd5 cxd5 17. Ng5 Bd6 18. f4 Ng6 19. Bb5+ Ke7 20. f5 Bxg3 21. hxg3 Rb8 22. Bd3 exf5 23. Rde1+ Ne5 24. Bxf5 Rxb2 25. g4 Bxf5 26. gxf5 Rc8 27. Rf2 Rxf2 28. Kxf2 Kd6 29. Ne6 0-1

[Event "Regency Masters A"]
[Site "Ramsgate"]
[Date "1979.10.30"]
[Round "1"]
[White "Langeweg, Kick"]
[Black "Plaskett, H James"]
[Result "1/2-1/2"]
[WhiteElo "2440"]
[BlackElo "2410"]
[PlyCount "44"]
[EventDate "1979.10.30"]
[EventType "tourn"]
[EventRounds "9"]
[EventCountry "ENG"]
[EventCategory "4"]

1. Nf3 Nf6 2. c4 b6 3. d4 e6 4. g3 Ba6 5. b3 Bb4+ 6. Bd2 Be7 7. Bg2 O-O 8. O-O c6 9. Bc3 d5 10. Nbd2 Nbd7 11. a4 Rc8 12. Qb1 c5 13. Qa2 Qc7 14. Rfc1 dxc4 15. bxc4 Rfd8 16. e3 cxd4 17. Nxd4 Bb7 18. Nb5 Qb8 19. Bxb7 Qxb7 20. a5 Nc5 21. axb6 axb6 22. Qa7 Rd7 1/2-1/2

[Event "Regency Masters A"]
[Site "Ramsgate"]
[Date "1979.10.30"]
[Round "1"]
[White "Macdonald-Ross, Michael"]
[Black "Niklasson, Christer"]
[Result "0-1"]
[WhiteElo "2265"]
[BlackElo "2385"]
[PlyCount "46"]
[EventDate "1979.10.30"]
[EventType "tourn"]
[EventRounds "9"]
[EventCountry "ENG"]
[EventCategory "4"]

1. d4 Nf6 2. c4 e6 3. Nc3 Bb4 4. Bg5 O-O 5. e3 h6 6. Bh4 Bxc3+ 7. bxc3 d6 8. Nf3 Qe7 9. Nd2 Nbd7 10. f3 e5 11. Bf2 Re8 12. Bd3 Nf8 13. O-O b6 14. Qb3 Bb7 15. Bc2 e4 16. f4 Ng6 17. Qb1 Nxf4 18. exf4 e3 19. Be1 exd2 20. Bxd2 Qe2 21. Rf2 Qxc4 22. Bb3 Qc6 23. Qg6 d5 0-1

[Event "Regency Masters A"]
[Site "Ramsgate"]
[Date "1979.10.31"]
[Round "2"]
[White "Boersma, Paul"]
[Black "Hebden, Mark L"]
[Result "0-1"]
[WhiteElo "2350"]
[BlackElo "2230"]
[PlyCount "84"]
[EventDate "1979.10.30"]
[EventType "tourn"]
[EventRounds "9"]
[EventCountry "ENG"]
[EventCategory "4"]

1. Nf3 Nf6 2. c4 g6 3. Nc3 Bg7 4. e4 O-O 5. d4 d6 6. Be2 c5 7. O-O b6 8. d5 a6 9. Bf4 b5 10. cxb5 axb5 11. Bxb5 Ba6 12. a4 Bxb5 13. axb5 Nbd7 14. Rxa8 Qxa8 15. Qa1 Qb7 16. Qa6 Rb8 17. Qxb7 Rxb7 18. Ra1 h6 19. Ra8+ Kh7 20. h3 Nh5 21. Bh2 Nb6 22. Ra2 Nc4 23. g4 Bxc3 24. bxc3 Nf6 25. g5 Nxe4 26. Ra4 Ncd2 27. Nxd2 Nxd2 28. gxh6 Nf3+ 29. Kg2 Nxh2 30. Kxh2 Rxb5 31. Ra7 Rb2 32. Rxe7 Rxf2+ 33. Kg3 Rf6 34. Kg4 Kxh6 35. h4 Kg7 36. Re8 Rf5 37. c4 Kf6 38. Rd8 Ke5 39. Re8+ Kd4 40. Rd8 Kxc4 41. Rxd6 Rxd5 42. Rf6 Rd7 0-1

[Event "Regency Masters A"]
[Site "Ramsgate"]
[Date "1979.10.31"]
[Round "2"]
[White "Iskov, Gert"]
[Black "Macdonald-Ross, Michael"]
[Result "1-0"]
[WhiteElo "2370"]
[BlackElo "2265"]
[PlyCount "43"]
[EventDate "1979.10.30"]
[EventType "tourn"]
[EventRounds "9"]
[EventCountry "ENG"]
[EventCategory "4"]

1. e4 c6 2. c4 e5 3. Nc3 Nf6 4. f4 d5 5. fxe5 Nxe4 6. Nf3 Be7 7. d4 O-O 8. Bd3 f5 9. Qb3 Nxc3 10. bxc3 Be6 11. O-O b6 12. a4 Na6 13. cxd5 Bxd5 14. Qc2 Nb4 15. cxb4 Bxf3 16. gxf3 Qxd4+ 17. Kg2 Qxa1 18. Bb2 Qxf1+ 19. Kxf1 Kh8 20. e6 Bxb4 21. Qg2 Rg8 22. Bxf5 1-0

[Event "Regency Masters A"]
[Site "Ramsgate"]
[Date "1979.10.31"]
[Round "2"]
[White "Nicholson, John Graham"]
[Black "Kaiszauri, Konstanty"]
[Result "1-0"]
[WhiteElo "2310"]
[BlackElo "2405"]
[PlyCount "85"]
[EventDate "1979.10.30"]
[EventType "tourn"]
[EventRounds "9"]
[EventCountry "ENG"]
[EventCategory "4"]

1. e4 Nf6 2. e5 Nd5 3. d4 d6 4. Nf3 g6 5. Bc4 Nb6 6. Bb3 Nc6 7. Ng5 d5 8. f4 f6 9. Nf3 Bf5 10. Nbd2 Qd7 11. Nf1 Na5 12. Ng3 Bg4 13. O-O f5 14. Qe1 Nxb3 15. axb3 Bxf3 16. Rxf3 e6 17. Ne2 c5 18. Be3 c4 19. Bf2 Be7 20. Bh4 Bxh4 21. Qxh4 O-O 22. Kh1 cxb3 23. cxb3 Rfc8 24. Nc3 a5 25. h3 a4 26. bxa4 Rc4 27. b3 Rc6 28. Qe1 Rac8 29. a5 Na8 30. Na4 Qe8 31. Nc5 Qe7 32. b4 b6 33. axb6 Nxb6 34. Rfa3 Nc4 35. Ra7 R8c7 36. Rxc7 Qxc7 37. Ra8+ Kg7 38. Qh4 Qf7 39. b5 Rc7 40. Qd8 Re7 41. b6 Nd2 42. Qxe7 Qxe7 43. Ra7 1-0

[Event "Regency Masters A"]
[Site "Ramsgate"]
[Date "1979.11.??"]
[Round "3"]
[White "Kaiszauri, Konstanty"]
[Black "Boersma, Paul"]
[Result "1/2-1/2"]
[WhiteElo "2405"]
[BlackElo "2350"]
[PlyCount "73"]
[EventDate "1979.10.30"]
[EventType "tourn"]
[EventRounds "9"]
[EventCountry "ENG"]
[EventCategory "4"]

1. e4 c6 2. d4 d5 3. Nd2 dxe4 4. Nxe4 Nf6 5. Nxf6+ exf6 6. Bc4 Nd7 7. Ne2 Bd6 8. Bf4 Nb6 9. Bb3 O-O 10. O-O Bg4 11. f3 Be6 12. Re1 Re8 13. Qd2 a5 14. Bxd6 Qxd6 15. Ng3 c5 16. c3 cxd4 17. Ne4 Qd8 18. Qxd4 Qxd4+ 19. cxd4 Rad8 20. Red1 a4 21. Bc2 Bd5 22. Nc3 g6 23. Be4 f5 24. Bxd5 Nxd5 25. Nxa4 Re2 26. Re1 Rd2 27. Rad1 Rxd1 28. Rxd1 Ra8 29. Nc5 Rxa2 30. Rd2 b6 31. Nd3 Ra1+ 32. Kf2 f4 33. g3 fxg3+ 34. hxg3 h5 35. f4 f6 36. Kf3 Kf7 37. Nf2 1/2-1/2

[Event "Regency Masters A"]
[Site "Ramsgate"]
[Date "1979.11.??"]
[Round "3"]
[White "Langeweg, Kick"]
[Black "Iskov, Gert"]
[Result "1/2-1/2"]
[WhiteElo "2440"]
[BlackElo "2370"]
[PlyCount "50"]
[EventDate "1979.10.30"]
[EventType "tourn"]
[EventRounds "9"]
[EventCountry "ENG"]
[EventCategory "4"]

1. Nf3 c5 2. c4 Nc6 3. Nc3 g6 4. e3 Nf6 5. d4 cxd4 6. exd4 d5 7. Be2 Bg7 8. O-O O-O 9. Re1 b6 10. Ne5 Bb7 11. Bf3 Na5 12. Bg5 Ne4 13. Nxe4 dxe4 14. Bxe4 Bxe4 15. Rxe4 f6 16. b4 Nxc4 17. Nxc4 fxg5 18. Ne5 Qd5 19. Qb3 e6 20. Qe3 Rad8 21. Nf3 Rf4 22. Rxf4 gxf4 23. Qxf4 e5 24. Qh4 h6 25. Qg4 e4 1/2-1/2

[Event "Regency Masters A"]
[Site "Ramsgate"]
[Date "1979.11.??"]
[Round "3"]
[White "Macdonald-Ross, Michael"]
[Black "Nicholson, John Graham"]
[Result "1/2-1/2"]
[WhiteElo "2265"]
[BlackElo "2310"]
[PlyCount "34"]
[EventDate "1979.10.30"]
[EventType "tourn"]
[EventRounds "9"]
[EventCountry "ENG"]
[EventCategory "4"]

1. d4 d5 2. Nf3 Nf6 3. Bf4 c5 4. e3 Nc6 5. c3 e6 6. Nbd2 Be7 7. h3 O-O 8. Bd3 Bd7 9. O-O Rc8 10. a3 a5 11. Bh2 Be8 12. Qe2 Nd7 13. e4 dxe4 14. Nxe4 cxd4 15. cxd4 Nf6 16. Rad1 Qd5 17. Rfe1 Bd7 1/2-1/2

[Event "Regency Masters A"]
[Site "Ramsgate"]
[Date "1979.11.??"]
[Round "3"]
[White "Plaskett, H James"]
[Black "Niklasson, Christer"]
[Result "1/2-1/2"]
[WhiteElo "2410"]
[BlackElo "2385"]
[PlyCount "101"]
[EventDate "1979.10.30"]
[EventType "tourn"]
[EventRounds "9"]
[EventCountry "ENG"]
[EventCategory "4"]

1. e4 c5 2. Nf3 e6 3. d4 cxd4 4. Nxd4 Nc6 5. Nb5 d6 6. c4 Nf6 7. N1c3 a6 8. Na3 Be7 9. Be2 O-O 10. O-O b6 11. Be3 Bd7 12. Qd2 Qb8 13. g4 Rc8 14. g5 Ne8 15. f4 Ra7 16. Rac1 Rac7 17. Bd3 Nb4 18. Bb1 b5 19. cxb5 axb5 20. f5 e5 21. Nc2 d5 22. exd5 Nxc2 23. Bxc2 Bb4 24. g6 Nf6 25. gxf7+ Kf8 26. Bb3 Qa8 27. h3 Qa5 28. Qg2 Bxc3 29. bxc3 Rxc3 30. Rxc3 Qxc3 31. Bg5 Qc5+ 32. Kh2 Qd6 33. Rg1 Bxf5 34. Bxf6 Qxf6 35. d6 e4 36. Qg5 Qe5+ 37. Kh1 e3 38. Qe7+ Qxe7 39. dxe7+ Kxe7 40. Rxg7 Rc1+ 41. Rg1 Rxg1+ 42. Kxg1 Bxh3 43. a3 h5 44. Bd5 h4 45. Bc6 e2 46. Kf2 Bf1 47. a4 bxa4 48. Bxa4 Kxf7 49. Bd7 Kf6 50. Bg4 Kg5 51. Bxe2 1/2-1/2

[Event "Regency Masters A"]
[Site "Ramsgate"]
[Date "1979.11.??"]
[Round "4"]
[White "Hebden, Mark L"]
[Black "Kaiszauri, Konstanty"]
[Result "1-0"]
[WhiteElo "2230"]
[BlackElo "2405"]
[PlyCount "91"]
[EventDate "1979.10.30"]
[EventType "tourn"]
[EventRounds "9"]
[EventCountry "ENG"]
[EventCategory "4"]

1. e4 e5 2. f4 exf4 3. Nf3 d6 4. d4 g5 5. h4 g4 6. Ng1 Bh6 7. Nc3 Nc6 8. Nge2 f3 9. Nf4 f2+ 10. Kxf2 g3+ 11. Kxg3 Nf6 12. Be2 Rg8+ 13. Kf2 Bg4 14. Bf3 Qd7 15. Nfd5 Bg7 16. Bg5 Bxf3 17. gxf3 Nxd5 18. exd5 Ne7 19. Bxe7 Kxe7 20. Qd3 Rae8 21. Rae1+ Kd8 22. h5 Rxe1 23. Kxe1 Qe7+ 24. Ne2 Re8 25. Kd1 Bh6 26. f4 f5 27. Qf3 Qf7 28. Ng3 Rg8 29. Rf1 Rg4 30. Qd3 Qxd5 31. c4 Qf7 32. Qxf5 Qxf5 33. Nxf5 Bxf4 34. Ke2 Bg5 35. Ng7 Ke7 36. Nf5+ Kd7 37. Kd3 c6 38. d5 cxd5 39. cxd5 Bf6 40. Nxd6 Bxb2 41. Ne4 Rg7 42. h6 Rg6 43. Rf7+ Kc8 44. Rxh7 Bc1 45. Rh8+ Kc7 46. d6+ 1-0

[Event "Regency Masters A"]
[Site "Ramsgate"]
[Date "1979.11.??"]
[Round "4"]
[White "Iskov, Gert"]
[Black "Plaskett, H James"]
[Result "0-1"]
[WhiteElo "2370"]
[BlackElo "2410"]
[PlyCount "42"]
[EventDate "1979.10.30"]
[EventType "tourn"]
[EventRounds "9"]
[EventCountry "ENG"]
[EventCategory "4"]

1. g3 f5 2. b3 e5 3. d4 exd4 4. Qxd4 Nf6 5. Bb2 Be7 6. Bg2 d5 7. Nh3 Nc6 8. Qd1 Be6 9. Nf4 Qd7 10. Nxe6 Qxe6 11. O-O O-O-O 12. e3 h5 13. Nd2 h4 14. Nf3 hxg3 15. hxg3 Ne4 16. Qe2 Rh5 17. Ne5 Rdh8 18. Nxc6 Rh1+ 19. Bxh1 Qh6 20. Nxe7+ Kb8 21. Kg2 Ng5 0-1

[Event "Regency Masters A"]
[Site "Ramsgate"]
[Date "1979.11.??"]
[Round "5"]
[White "Macdonald-Ross, Michael"]
[Black "Hebden, Mark L"]
[Result "1/2-1/2"]
[WhiteElo "2265"]
[BlackElo "2230"]
[PlyCount "39"]
[EventDate "1979.10.30"]
[EventType "tourn"]
[EventRounds "9"]
[EventCountry "ENG"]
[EventCategory "4"]

1. d4 Nf6 2. Nf3 c5 3. e3 g6 4. Nbd2 b6 5. Bd3 Bb7 6. O-O Bg7 7. c3 O-O 8. e4 d6 9. Re1 Na6 10. a3 Nc7 11. Qe2 Ne6 12. Nf1 cxd4 13. cxd4 Nh5 14. Qe3 Nef4 15. Bb5 e5 16. Ng3 Nxg3 17. hxg3 Ne6 18. dxe5 dxe5 19. Bd2 a6 20. Bf1 1/2-1/2

[Event "Regency Masters A"]
[Site "Ramsgate"]
[Date "1979.11.??"]
[Round "5"]
[White "Niklasson, Christer"]
[Black "Iskov, Gert"]
[Result "1-0"]
[WhiteElo "2385"]
[BlackElo "2370"]
[PlyCount "59"]
[EventDate "1979.10.30"]
[EventType "tourn"]
[EventRounds "9"]
[EventCountry "ENG"]
[EventCategory "4"]

1. d4 Nf6 2. c4 c5 3. d5 g6 4. Nc3 d6 5. e4 Bg7 6. f4 O-O 7. Nf3 b5 8. cxb5 a6 9. a4 Qa5 10. Bd2 Qb4 11. Qc2 axb5 12. Bxb5 Ba6 13. e5 Bxb5 14. exf6 Bxf6 15. Nxb5 Qxb5 16. axb5 Rxa1+ 17. Bc1 Nd7 18. O-O Ra5 19. Bd2 Rxb5 20. Bc3 Rfb8 21. Re1 c4 22. Nd4 Bxd4+ 23. Bxd4 Nf6 24. Bxf6 exf6 25. Qxc4 Rxb2 26. Qc6 R8b6 27. Qe8+ Kg7 28. Re7 Rb1+ 29. Kf2 R1b2+ 30. Kg3 1-0

[Event "Regency Masters A"]
[Site "Ramsgate"]
[Date "1979.11.??"]
[Round "5"]
[White "Plaskett, H James"]
[Black "Nicholson, John Graham"]
[Result "1-0"]
[WhiteElo "2410"]
[BlackElo "2310"]
[PlyCount "95"]
[EventDate "1979.10.30"]
[EventType "tourn"]
[EventRounds "9"]
[EventCountry "ENG"]
[EventCategory "4"]

1. d4 Nf6 2. c4 e6 3. Nf3 b6 4. g3 Ba6 5. b3 Bb4+ 6. Bd2 Be7 7. Bg2 c6 8. Bc3 O-O 9. O-O d5 10. Nbd2 Nbd7 11. Qc2 c5 12. e4 dxe4 13. Nxe4 Bb7 14. Nxf6+ Nxf6 15. dxc5 bxc5 16. Ng5 Bxg2 17. Bxf6 g6 18. Nxe6 Bxf6 19. Nxd8 Bxf1 20. Rxf1 Raxd8 21. Rd1 Bd4 22. b4 cxb4 23. c5 Rd5 24. c6 Rc8 25. c7 h5 26. Kg2 Rd7 27. Qe4 Rdxc7 28. Rxd4 a5 29. Rd5 Ra7 30. Qd4 Raa8 31. Rd7 Rf8 32. Qd5 Ra6 33. Rd8 Rxd8 34. Qxd8+ Kg7 35. Qd4+ Kh7 36. Qc5 Ra8 37. Qd5 Ra7 38. Qd8 Ra6 39. Qf8 Rf6 40. f4 h4 41. Kf3 hxg3 42. hxg3 g5 43. Kg4 gxf4 44. gxf4 Rg6+ 45. Kf5 Rg7 46. Kf6 Rg6+ 47. Kxf7 b3 48. axb3 1-0

[Event "Regency Masters A"]
[Site "Ramsgate"]
[Date "1979.11.??"]
[Round "6"]
[White "Boersma, Paul"]
[Black "Plaskett, H James"]
[Result "1-0"]
[WhiteElo "2350"]
[BlackElo "2410"]
[PlyCount "78"]
[EventDate "1979.10.30"]
[EventType "tourn"]
[EventRounds "9"]
[EventCountry "ENG"]
[EventCategory "4"]

1. d4 c5 2. d5 e5 3. e4 d6 4. Bd3 Be7 5. Nd2 Nf6 6. Ne2 Nbd7 7. a4 Rb8 8. O-O O-O 9. c3 Ne8 10. b4 g6 11. Qc2 Ng7 12. Ng3 cxb4 13. cxb4 Nf6 14. Nc4 Bd7 15. b5 Nfh5 16. Be3 b6 17. Nxh5 Nxh5 18. Bh6 Re8 19. Bd2 Nf4 20. Rfc1 h5 21. Bf1 Rc8 22. Qb2 f5 23. g3 fxe4 24. gxf4 exf4 25. Bxf4 Bf6 26. Qd2 g5 27. Be3 Bxa1 28. Rxa1 Qf6 29. Bd4 Qg6 30. Qb4 Qf5 31. Nxd6 Qg4+ 32. Kh1 e3 33. Nxe8 Rxe8 34. fxe3 Rxe3 35. Qd2 Re7 36. d6 Rf7 37. Bg2 Bf5 38. Re1 Bd3 39. Bg1 Qxa4 1-0

[Event "Regency Masters A"]
[Site "Ramsgate"]
[Date "1979.11.??"]
[Round "6"]
[White "Hebden, Mark L"]
[Black "Langeweg, Kick"]
[Result "0-1"]
[WhiteElo "2230"]
[BlackElo "2440"]
[PlyCount "48"]
[EventDate "1979.10.30"]
[EventType "tourn"]
[EventRounds "9"]
[EventCountry "ENG"]
[EventCategory "4"]

1. e4 c5 2. f4 g6 3. Nf3 Bg7 4. Nc3 Nc6 5. Bb5 Nd4 6. Bc4 d6 7. O-O Nf6 8. f5 gxf5 9. d3 fxe4 10. Ng5 O-O 11. Nd5 b5 12. Nxf6+ exf6 13. Bd5 fxg5 14. Bxa8 exd3 15. Qxd3 Be6 16. Rf2 Qxa8 17. Bxg5 Qd5 18. Be3 Qc4 19. Qxc4 Bxc4 20. c3 Ne2+ 21. Kh1 Re8 22. Bd2 a5 23. a3 a4 24. Rf3 d5 0-1

[Event "Regency Masters A"]
[Site "Ramsgate"]
[Date "1979.11.??"]
[Round "6"]
[White "Kaiszauri, Konstanty"]
[Black "Macdonald-Ross, Michael"]
[Result "0-1"]
[WhiteElo "2405"]
[BlackElo "2265"]
[PlyCount "80"]
[EventDate "1979.10.30"]
[EventType "tourn"]
[EventRounds "9"]
[EventCountry "ENG"]
[EventCategory "4"]

1. e4 c6 2. d4 d5 3. Nd2 dxe4 4. Nxe4 Nf6 5. Nxf6+ gxf6 6. Ne2 h5 7. h4 Bg4 8. Qd3 e5 9. Be3 Nd7 10. Ng3 Qa5+ 11. c3 O-O-O 12. Be2 Bxe2 13. Qxe2 Re8 14. O-O exd4 15. cxd4 Qd5 16. Qd2 Rg8 17. Rfe1 Re6 18. Qd3 Rg4 19. Qf5 Rxh4 20. Qxd5 cxd5 21. f3 Rxe3 22. Rxe3 Rxd4 23. Rc1+ Bc5 24. Kf1 Kd8 25. Rec3 b6 26. a3 a5 27. Ke1 Rh4 28. Rd3 d4 29. Rdd1 Ne5 30. Ne4 Rh1+ 31. Kf2 Nd3+ 32. Kg3 Bd6+ 33. f4 Bxf4+ 34. Kf3 Bxc1 35. Rxh1 Ne5+ 36. Kg3 Bxb2 37. a4 Ke7 38. Rb1 Nc4 39. Kf4 d3 40. Nf2 Be5+ 0-1

[Event "Regency Masters A"]
[Site "Ramsgate"]
[Date "1979.11.??"]
[Round "7"]
[White "Iskov, Gert"]
[Black "Nicholson, John Graham"]
[Result "1/2-1/2"]
[WhiteElo "2370"]
[BlackElo "2310"]
[PlyCount "81"]
[EventDate "1979.10.30"]
[EventType "tourn"]
[EventRounds "9"]
[EventCountry "ENG"]
[EventCategory "4"]

1. e4 c5 2. Nc3 e6 3. Nge2 d6 4. g3 Nf6 5. Bg2 Be7 6. O-O O-O 7. d4 cxd4 8. Nxd4 a6 9. a4 Qc7 10. Be3 Nc6 11. Nxc6 bxc6 12. a5 Nd7 13. Na4 c5 14. e5 d5 15. c4 Bb7 16. cxd5 exd5 17. Bxd5 Nxe5 18. Bf4 Rad8 19. Nc3 Qd7 20. Bxe5 Bxd5 21. Nxd5 Qxd5 22. Qe2 Qe6 23. Rfe1 Bf6 24. Rac1 Rd5 25. Bxf6 Qxf6 26. Rc3 h6 27. Rb3 Rd6 28. Qc2 Rc8 29. Re4 Qd8 30. Rbe3 Rd1+ 31. Kg2 Qd5 32. Qc4 Qb7 33. Rb3 Qa8 34. Rf3 Qb7 35. Qe2 Rd7 36. h4 Rf8 37. Kh2 Qb5 38. Qxb5 axb5 39. Re5 Rc8 40. Kg2 b4 41. Rff5 1/2-1/2

[Event "Regency Masters A"]
[Site "Ramsgate"]
[Date "1979.11.??"]
[Round "7"]
[White "Langeweg, Kick"]
[Black "Kaiszauri, Konstanty"]
[Result "1/2-1/2"]
[WhiteElo "2440"]
[BlackElo "2405"]
[PlyCount "84"]
[EventDate "1979.10.30"]
[EventType "tourn"]
[EventRounds "9"]
[EventCountry "ENG"]
[EventCategory "4"]

1. Nf3 d6 2. d4 g6 3. e4 Nf6 4. Nbd2 Bg7 5. c3 O-O 6. Bd3 Nbd7 7. O-O e5 8. dxe5 dxe5 9. b4 b6 10. Nc4 Bb7 11. Re1 Qe7 12. Qc2 Nh5 13. Bg5 f6 14. Bh4 Nf4 15. Bf1 h5 16. Nfd2 g5 17. Bg3 h4 18. Bxf4 exf4 19. Be2 Ne5 20. Nxe5 Qxe5 21. Bc4+ Kh8 22. Nf3 Qe8 23. Nd4 h3 24. Ne6 Rf7 25. Qd3 Bf8 26. Rad1 Rh7 27. Nd8 hxg2 28. e5 Qh5 29. Nf7+ Rxf7 30. Bxf7 Qxf7 31. e6 Qg7 32. Qh3+ Kg8 33. Rd7 Be7 34. Rxc7 g4 35. Qh5 Bf3 36. Qf7+ Qxf7 37. exf7+ Kxf7 38. Rcxe7+ Kg6 39. Rc7 Rh8 40. Rce7 Kf5 41. c4 a6 42. Re8 Rh6 1/2-1/2

[Event "Regency Masters A"]
[Site "Ramsgate"]
[Date "1979.11.??"]
[Round "7"]
[White "Niklasson, Christer"]
[Black "Boersma, Paul"]
[Result "1-0"]
[WhiteElo "2385"]
[BlackElo "2350"]
[PlyCount "53"]
[EventDate "1979.10.30"]
[EventType "tourn"]
[EventRounds "9"]
[EventCountry "ENG"]
[EventCategory "4"]

1. d4 Nf6 2. c4 g6 3. Nc3 Bg7 4. e4 d6 5. f4 O-O 6. Nf3 c5 7. d5 e6 8. dxe6 fxe6 9. Bd3 Nc6 10. O-O Nd4 11. Ng5 e5 12. f5 h6 13. Nh3 gxf5 14. exf5 Qe8 15. g4 b6 16. Nf2 Bb7 17. Nfe4 Nxe4 18. Bxe4 Bxe4 19. Nxe4 Rd8 20. Qd3 Rf7 21. f6 Bf8 22. g5 hxg5 23. Nxg5 e4 24. Nxe4 Rh7 25. Ng5 Ne2+ 26. Kh1 Qc6+ 27. Rf3 1-0

[Event "Regency Masters A"]
[Site "Ramsgate"]
[Date "1979.11.??"]
[Round "7"]
[White "Plaskett, H James"]
[Black "Hebden, Mark L"]
[Result "1-0"]
[WhiteElo "2410"]
[BlackElo "2230"]
[PlyCount "69"]
[EventDate "1979.10.30"]
[EventType "tourn"]
[EventRounds "9"]
[EventCountry "ENG"]
[EventCategory "4"]

1. d4 c5 2. Nf3 Nf6 3. c4 cxd4 4. Nxd4 e6 5. Nc3 Bb4 6. g3 Ne4 7. Qd3 Qa5 8. Nb3 Nxc3 9. Bd2 Ne4 10. Qxe4 Bxd2+ 11. Nxd2 O-O 12. Bg2 Nc6 13. a3 Rd8 14. Qe3 d5 15. O-O d4 16. Qd3 Qh5 17. f4 e5 18. f5 Qh6 19. b4 Rb8 20. Ne4 f6 21. Rf3 Bxf5 22. Rxf5 Ne7 23. Nc5 Nxf5 24. Qxf5 Qe3+ 25. Kh1 Qc3 26. Qe6+ Kh8 27. Rf1 Re8 28. Qf7 Rf8 29. Qh5 g6 30. Qh6 Qxc4 31. Nd7 Qf7 32. Rxf6 Qxf6 33. Nxf6 Rxf6 34. Qg5 Rf5 35. Qe7 1-0

[Event "Regency Masters A"]
[Site "Ramsgate"]
[Date "1979.11.??"]
[Round "8"]
[White "Boersma, Paul"]
[Black "Iskov, Gert"]
[Result "0-1"]
[WhiteElo "2350"]
[BlackElo "2370"]
[PlyCount "58"]
[EventDate "1979.10.30"]
[EventType "tourn"]
[EventRounds "9"]
[EventCountry "ENG"]
[EventCategory "4"]

1. d4 Nf6 2. c4 e6 3. Nc3 Bb4 4. e3 b6 5. Nge2 Ba6 6. a3 Be7 7. Nf4 d5 8. cxd5 Bxf1 9. Kxf1 Nxd5 10. e4 Nxf4 11. Bxf4 O-O 12. h4 Nd7 13. e5 f6 14. Qg4 fxe5 15. Qxe6+ Kh8 16. Bg5 Bf6 17. Rd1 exd4 18. Rxd4 Bxd4 19. Bxd8 Rxf2+ 20. Ke1 Rxd8 21. Qd5 c5 22. Nb5 Re8+ 23. Kd1 Nf6 24. Qc6 Be3 25. Nc7 Rd8+ 26. Ke1 Rxb2 27. Rf1 Bd2+ 28. Ke2 Bg5+ 29. Kf3 Rd3# 0-1

[Event "Regency Masters A"]
[Site "Ramsgate"]
[Date "1979.11.??"]
[Round "8"]
[White "Hebden, Mark L"]
[Black "Niklasson, Christer"]
[Result "1-0"]
[WhiteElo "2230"]
[BlackElo "2385"]
[PlyCount "83"]
[EventDate "1979.10.30"]
[EventType "tourn"]
[EventRounds "9"]
[EventCountry "ENG"]
[EventCategory "4"]

1. e4 c5 2. f4 d5 3. Nc3 d4 4. Nb1 Nf6 5. d3 Nc6 6. Be2 g6 7. a4 Bg7 8. Nd2 e5 9. Nc4 O-O 10. Nf3 exf4 11. Bxf4 Be6 12. Nfd2 Nd7 13. O-O Nde5 14. Nxe5 Nxe5 15. Nf3 Nxf3+ 16. Bxf3 c4 17. Bg4 Qd7 18. Bxe6 Qxe6 19. Qd2 Rac8 20. Qb4 Qb6 21. Qxb6 axb6 22. a5 bxa5 23. Rxa5 Rfd8 24. Rb5 Rd7 25. Ra1 h6 26. h4 c3 27. Ra7 cxb2 28. Rxb2 Bf6 29. Bg3 g5 30. h5 g4 31. Bf4 Kg7 32. e5 Bg5 33. g3 Bd8 34. Rbxb7 Rxb7 35. Rxb7 Rxc2 36. e6 Re2 37. exf7 Re7 38. f8=Q+ Kxf8 39. Bd6 Kf7 40. Bxe7 Bxe7 41. Rb6 Bf6 42. Kf1 1-0

[Event "Regency Masters A"]
[Site "Ramsgate"]
[Date "1979.11.??"]
[Round "8"]
[White "Macdonald-Ross, Michael"]
[Black "Langeweg, Kick"]
[Result "0-1"]
[WhiteElo "2265"]
[BlackElo "2440"]
[PlyCount "38"]
[EventDate "1979.10.30"]
[EventType "tourn"]
[EventRounds "9"]
[EventCountry "ENG"]
[EventCategory "4"]

1. d4 Nf6 2. c4 e6 3. Nc3 Bb4 4. Bg5 h6 5. Bh4 c5 6. d5 b5 7. e3 Qa5 8. Bxf6 gxf6 9. Nge2 Qc7 10. a3 Ba5 11. dxe6 dxe6 12. cxb5 Nd7 13. Nf4 Bb7 14. Qh5 Bxc3+ 15. bxc3 Qa5 16. Rc1 Qxa3 17. Qd1 Ne5 18. Be2 Rd8 19. Qc2 Be4 0-1

[Event "Regency Masters A"]
[Site "Ramsgate"]
[Date "1979.11.08"]
[Round "9"]
[White "Iskov, Gert"]
[Black "Hebden, Mark L"]
[Result "1/2-1/2"]
[WhiteElo "2370"]
[BlackElo "2230"]
[PlyCount "47"]
[EventDate "1979.10.30"]
[EventType "tourn"]
[EventRounds "9"]
[EventCountry "ENG"]
[EventCategory "4"]

1. e4 e5 2. Nc3 Nf6 3. Nf3 Nc6 4. Bc4 Nxe4 5. O-O Nxc3 6. dxc3 Be7 7. Qd5 O-O 8. Nxe5 Nxe5 9. Qxe5 Bf6 10. Qh5 c6 11. Bd3 g6 12. Qf3 d5 13. Be3 Be6 14. Rad1 Bg7 15. Bd4 Qh4 16. Bxg7 Kxg7 17. Rfe1 Rfe8 18. Qe3 b6 19. Qd4+ Qf6 20. Re3 Bd7 21. Rde1 Rxe3 22. Rxe3 Re8 23. Rxe8 Bxe8 24. b4 1/2-1/2

[Event "Regency Masters A"]
[Site "Ramsgate"]
[Date "1979.11.08"]
[Round "9"]
[White "Nicholson, John Graham"]
[Black "Boersma, Paul"]
[Result "0-1"]
[WhiteElo "2310"]
[BlackElo "2350"]
[PlyCount "70"]
[EventDate "1979.10.30"]
[EventType "tourn"]
[EventRounds "9"]
[EventCountry "ENG"]
[EventCategory "4"]

1. e4 c6 2. d4 d5 3. Nd2 dxe4 4. Nxe4 Nf6 5. Nxf6+ exf6 6. Nf3 Bd6 7. Bd3 O-O 8. O-O Bg4 9. c3 Nd7 10. h3 Bh5 11. g4 Bg6 12. Nh4 Bxd3 13. Qxd3 g6 14. Ng2 Re8 15. Bf4 Bf8 16. Rad1 Qa5 17. a3 Rad8 18. Qg3 Qb5 19. Rd2 f5 20. Ne3 Nf6 21. f3 fxg4 22. hxg4 Re6 23. Rh2 Rde8 24. Nf5 Re2 25. Be5 Nd7 26. Rxe2 Qxe2 27. Re1 Qd2 28. Ne3 Nxe5 29. dxe5 Rxe5 30. Qxe5 Qxe1+ 31. Kg2 Qd2+ 32. Kf1 Qc1+ 33. Kg2 Qxb2+ 34. Kh3 Qxa3 35. g5 Qc5 0-1